Karna and Arjuna / (Record no. 29953)

MARC details
000 -LEADER
fixed length control field 00974nam a22002657a 4500
005 - DATE AND TIME OF LATEST TRANSACTION
control field 20090903144024.0
008 - FIXED-LENGTH DATA ELEMENTS--GENERAL INFORMATION
fixed length control field 090903t xxu||||| |||| 00| 0 eng d
010 ## - LCCN (DPL NO)
LC control number B-356961
020 ## - INTERNATIONAL STANDARD BOOK NUMBER
International Standard Book Number 9788178127507
Terms of availability 60.00
035 ## - SYSTEM CONTROL NUMBER
System control number B-356961
037 ## - SOURCE OF ACQUISITION
Source of stock number/acquisition DBAD / PUB
040 ## - CATALOGING SOURCE
Original cataloging agency dpl
Language of cataloging English
082 ## - DEWEY DECIMAL CLASSIFICATION NUMBER
Classification number 230.1
245 ## - TITLE STATEMENT
Title Karna and Arjuna /
Statement of responsibility, etc edited by Anjani Gupta
260 ## - PUBLICATION, DISTRIBUTION, ETC. (IMPRINT)
Place of publication, distribution, etc New Delhi
Name of publisher, distributor, etc Little Scholarz
Date of publication, distribution, etc 2009
270 ## - ADDRESS
Address 12-H, New Daryaganj Road, Opp. Traffic Kotwali,
City New Delhi
Postal code 110002
300 ## - PHYSICAL DESCRIPTION
Extent 24p.
Other physical details col. ill.
Dimensions 24cm(pbk)
490 ## - SERIES STATEMENT
Series statement Indian mythology series
650 ## - SUBJECT ADDED ENTRY--TOPICAL TERM
Topical term or geographic name as entry element Karna (Hindu mythology)
650 ## - SUBJECT ADDED ENTRY--TOPICAL TERM
Topical term or geographic name as entry element Arjuna (Hindu mythology)
650 ## - SUBJECT ADDED ENTRY--TOPICAL TERM
Topical term or geographic name as entry element Juvenile Literature
700 ## - ADDED ENTRY--PERSONAL NAME
Personal name Gupta, Anjani
942 ## - ADDED ENTRY ELEMENTS (KOHA)
Source of classification or shelving scheme Dewey Decimal Classification
Item type English Books
Classification part 230.1
Call number suffix KAR
Holdings
Withdrawn status Lost status Source of classification or shelving scheme Damaged status Not for loan Collection code Home library Current library Date acquired Source of acquisition Cost, normal purchase price Total Checkouts Full call number Barcode Date last seen Copy number Cost, replacement price Koha item type
    Dewey Decimal Classification     Fiction Janak Puri Janak Puri 03/09/2009 DBAD / PUB 60.00 41 230.1 KAR B-356961 28/01/2013 1 60.00 Children Books

© Delhi Public Library
Hit Counter
free hit counter